000 00486nam a2200169 4500
001 120399
003 ES-MaACL
005 20230906191537.0
007 t|
008 070214s1930 sp r ||||1| spa d
100 1 _aPiscator, Erwin.
_992371
245 1 3 _aEl teatro político /
_cErwin Piscator ; traducción del alemán por Salvador Vila.
260 _aMadrid :
_bCenit,
_c1930.
300 _a262 p. ;
_c23 x 16 cm.
700 1 _aVila, Salvador.
_9114704
852 _aES-MaACL
_jA-69
999 _c120399
_d120399